Central Library OPAC University of Rajshahi

আল কুরআনের বাণী সমূহ ও আলোচ্য বিষয় / (Record no. 81986)

MARC details
000 -LEADER
fixed length control field 00843nam a2200217 a 4500
001 - CONTROL NUMBER
control field 81986
003 - CONTROL NUMBER IDENTIFIER
rucl marc code BD-RjUL
005 - DATE AND TIME OF LATEST TRANSACTION
control field 20230925123207.0
008 - FIXED-LENGTH DATA ELEMENTS--GENERAL INFORMATION
fixed length control field 230925s2023 bg ||||| |||| 00| 0 eng d
020 ## - INTERNATIONAL STANDARD BOOK NUMBER
International Standard Book Number 9789849303015
035 ## - SYSTEM CONTROL NUMBER
System control number (BD-RjUL)81986
040 ## - CATALOGING SOURCE
Original cataloging agency BD-RjUL
Language of cataloging eng
Transcribing agency BD-RjUL
041 ## - LANGUAGE CODE
Language code of text/sound track or separate title ben
082 ## - DEWEY DECIMAL CLASSIFICATION NUMBER
Edition number 23
Classification number 297.1226
Author mark and year HOA 2023
100 ## - MAIN ENTRY--PERSONAL NAME
Personal name হোসেন, মোহাম্মদ আখতার
9 (RLIN) 9183
245 ## - TITLE STATEMENT
Title আল কুরআনের বাণী সমূহ ও আলোচ্য বিষয় /
Statement of responsibility, etc. মোহাম্মদ আখতার হোসেন
300 ## - PHYSICAL DESCRIPTION
Pagination ৪৮০ পৃ.;
Size ২২ সেমি.
650 ## - SUBJECT ADDED ENTRY--TOPICAL TERM
Topical term or geographic name as entry element কুরআন
General subdivision সমালোচনা, ব্যাখ্যা ইত্যাদি
9 (RLIN) 9184
Topical term or geographic name as entry element Qurʼan
General subdivision Criticism, interpretation, etc
9 (RLIN) 7655
942 ## - ADDED ENTRY ELEMENTS (KOHA)
Source of classification or shelving scheme Dewey Decimal Classification
Koha item type Books
Holdings
Lost status Source of classification or shelving scheme Damaged status Not for loan Collection code Permanent Location Current Location Shelving location Date acquired Source of acquisition Cost, normal purchase price Total Checkouts Full call number Date last seen Copy number Koha item type
  Dewey Decimal Classification   Not For Loan Non-fiction Central Library, University of Rajshahi Central Library, University of Rajshahi Reading Room 30/08/2023 Author 560.00   B 297.1226 HOA 2023 25/09/2023 C-1 Books
  Dewey Decimal Classification     Non-fiction Central Library, University of Rajshahi Central Library, University of Rajshahi General Stacks 30/08/2023 Author 560.00   B 297.1226 HOA 2023 25/09/2023 C-2 Books
  Dewey Decimal Classification     Non-fiction Central Library, University of Rajshahi Central Library, University of Rajshahi General Stacks 30/08/2023 Author 560.00   B 297.1226 HOA 2023 25/09/2023 C-3 Books
  Dewey Decimal Classification     Non-fiction Central Library, University of Rajshahi Central Library, University of Rajshahi General Stacks 30/08/2023 Author 560.00   B 297.1226 HOA 2023 25/09/2023 C-4 Books
  Dewey Decimal Classification     Non-fiction Central Library, University of Rajshahi Central Library, University of Rajshahi General Stacks 30/08/2023 Author 560.00   B 297.1226 HOA 2023 25/09/2023 C-5 Books